Statistics for Painkillers Lyrics

Click here to take the quiz!

General Stats

  • This quiz has been taken 8 times
  • The average score is 144 of 156

Answer Stats

HintAnswer% Correct
a
100%
and
100%
bad
100%
better
100%
but
100%
come
100%
do
100%
don't
100%
feel
100%
here
100%
home
100%
Verse 1I
100%
into
100%
it
100%
knew
100%
know
100%
like
100%
liked
100%
make
100%
me
100%
my
100%
now
100%
one
100%
out
100%
should
100%
takes
100%
tell
100%
that
100%
the
100%
this
100%
to
100%
up
100%
want
100%
was
100%
way
100%
were
100%
without
100%
would
100%
Verse 2You
100%
you
100%
almost
80%
armor
80%
called
80%
codependence
80%
cold
80%
destroy
80%
down
80%
effect
80%
even
80%
fooled
80%
forever
80%
OutroHold
80%
hold
80%
i'd
80%
ChorusI-I
80%
is
80%
just
80%
last
80%
lights
80%
night
80%
pictures
80%
problem
80%
represent
80%
resentment
80%
shining
80%
side
80%
sleep
80%
slowly
80%
stronger
80%
sweating
80%
thinking
80%
tricked
80%
twice
80%
wake
80%
wore
80%
late
60%
through
60%
labeled
40%

Score Distribution

Percentile by Number Answered

Percent of People with Each Score

Your Score History

You have not taken this quiz